Culture shock : The office revolution
Bewaard in:
| Hoofdauteur: | |
|---|---|
| Formaat: | Boek |
| Taal: | Undetermined |
| Gepubliceerd in: |
London
Hodder & Stoughton
1990
|
| Onderwerpen: | |
| Tags: |
Voeg label toe
Geen labels, Wees de eerste die dit record labelt!
|
| Thư viện lưu trữ: | Trung tâm Học liệu Trường Đại học Cần Thơ |
|---|
| LEADER | 00514nam a2200205Ia 4500 | ||
|---|---|---|---|
| 001 | CTU_95394 | ||
| 008 | 210402s9999 xx 000 0 und d | ||
| 082 | |a 651 | ||
| 082 | |b H477 | ||
| 100 | |a Heller, Robert | ||
| 245 | 0 | |a Culture shock : | |
| 245 | 4 | |b The office revolution | |
| 245 | 0 | |c Robert Heller | |
| 260 | |a London | ||
| 260 | |b Hodder & Stoughton | ||
| 260 | |c 1990 | ||
| 650 | |a Automation | ||
| 650 | |z Great Britain | ||
| 904 | |i Giang | ||
| 980 | |a Trung tâm Học liệu Trường Đại học Cần Thơ | ||